| 000 | 00558nam a2200181Ia 4500 | ||
|---|---|---|---|
| 008 | 090124s9999 xx 000 0 und d | ||
| 082 | _b26412 | ||
| 100 | _aसरदेसाई गो. बा. | ||
| 245 | _a त्रिपुरारी | ||
| 250 | _a1 | ||
| 260 |
_bअभिजित प्रकाशन _c1986 |
||
| 300 | _a152 | ||
| 600 | _aसरदेसाई गो. बा. | ||
| 630 | _a त्रिपुरारी | ||
| 700 | _aसरदेसाई गो. बा. | ||
| 730 | _a त्रिपुरारी | ||
| 942 | _cBOOK | ||
| 999 |
_c93928 _d93928 |
||